000 00514nam a2200181Ia 4500
005 20250603145119.0
008 250603s9999 xx 000 0 und d
020 _a078-978-990-540-9
050 _aKP 107. C5/
100 _aClarke,Morocco Ayodele
245 0 _aIMPROVING AACCOUNTABILITY AND ENVIRONMENTAL PROTECTION WITHIN THE NIGERIAN OIL AND GAS INDUSTRY
260 _aLagos,Nigeria
260 _bMunroe & Stine publisher.
260 _c2021
300 _a318 p
650 _aLagos,Nigeria
942 _cBK
999 _c40914
_d40914